Statistics for Donkey Kong Country 2: Diddy's Kong Quest Levels

Click here to take the quiz!

General Stats

  • This quiz has been taken 69 times
  • The average score is 19 of 47

Answer Stats

WorldLevel% Correct
Krem QuayBramble Blast
67%
Gloomy GulchWeb Woods
67%
Lost WorldAnimal Antics
63%
Krazy KremlandBramble Scramble
58%
K. Rool's KeepCastle Crush
58%
Crocodile CauldronKleever's Kiln
58%
Gloomy GulchParrot Chute Panic
58%
Crocodile CauldronHot-Head Hop
54%
Gangplank GalleonMainbrace Mayhem
54%
Krazy KremlandRambi Rumble
54%
K. Rool's KeepToxic Tower
54%
Gangplank GalleonGangplank Galley
50%
Gangplank GalleonLockjaw's Locker
50%
The Flying KrockScreech's Sprint
50%
Krem QuaySlime Climb
50%
Krem QuayGlimmer's Galleon
46%
Krazy KremlandMudhole Marsh
46%
Krazy KremlandRickety Race
46%
K. Rool's KeepChain Link Chamber
42%
K. Rool's KeepClapper's Cavern
42%
Gloomy GulchGusty Glade
42%
Lost WorldJungle Jinx
42%
Crocodile CauldronKannon's Klaim
42%
Gangplank GalleonPirate Panic
42%
Krazy KremlandKing Zing Sting
38%
Gangplank GalleonKrow's Nest
38%
Crocodile CauldronLava Lagoon
38%
Crocodile CauldronRed-Hot Ride
38%
Gangplank GalleonTopsail Trouble
38%
K. Rool's KeepWindy Well
38%
Krem QuayBarrel Bayou
33%
Krazy KremlandHornet Hole
33%
Krem QuayRattle Battle
33%
Lost WorldBlack Ice Battle
29%
Gloomy GulchHaunted Hall
29%
The Flying KrockK. Rool Duel
29%
Crocodile CauldronSquawks's Shaft
29%
K. Rool's KeepStronghold Showdown
29%
Lost WorldKlobber Karnage
25%
Lost WorldKrocodile Kore
25%
K. Rool's KeepArctic Abyss
21%
Lost WorldFiery Furnace
21%
Krazy KremlandTarget Terror
17%
Gloomy GulchKreepy Krow
13%
Krem QuayKudgel's Kontest
13%
Krem QuayKrockhead Klamber
8%
Gloomy GulchGhostly Grove
4%

Score Distribution

Percentile by Number Answered

Percent of People with Each Score

Your Score History

You have not taken this quiz